LEADER 02578nam 2200553 450 001 9910461113903321 005 20200520144314.0 010 $a0-7618-5945-4 035 $a(CKB)3710000000468264 035 $a(EBL)4085815 035 $a(SSID)ssj0001636783 035 $a(PQKBManifestationID)16394586 035 $a(PQKBTitleCode)TC0001636783 035 $a(PQKBWorkID)14955640 035 $a(PQKB)10806594 035 $a(MiAaPQ)EBC4085815 035 $a(Au-PeEL)EBL4085815 035 $a(CaPaEBR)ebr11140372 035 $a(CaONFJC)MIL826633 035 $a(OCoLC)919495945 035 $a(EXLCZ)993710000000468264 100 $a20160122h20122012 uy 0 101 0 $aeng 135 $aur|n|---||||| 181 $ctxt 182 $cc 183 $acr 200 10$aEchoes of the Shema and our father's footprints /$fMorris A. Inch 210 1$aLanham, Maryland :$cUniversity Press of America, Inc.,$d2012. 210 4$dİ2012 215 $a1 online resource (221 p.) 300 $aDescription based upon print version of record. 311 $a0-7618-5944-6 320 $aIncludes bibliographical references and index. 327 $aEchoes Of The Shema And Our Father's Footprints ; CONTENTS ; Acknowledgment ; Echoes of the Shema-Part I ; Preface ; Due Reverence ; God As Spirit ; God As Light ; God As Love ; The Holy One ; The King of Glory ; Sufficing Grace ; Mightier Than ; Unfailing Compassion ; Carrots and Clubs ; From Everlasting to Everlasting ; Our Father ; Our Father's Footprints-Part II ; Preface ; The Paper Trail; Divine Authority ; God's Faithfulness ; God's Generosity ; Divine Commentary ; God's Resolve ; Divine Forgiveness ; Divine Creativity ; God's Consolation ; Divine Commendation ; Divine Caution 327 $aGod's Patience Divine Amenability ; Divine Righteousness ; God Is Love ; Consequently ; Endnotes ; Part I ; Part II ; Bibliography ; Index 330 $aEchoes of the Shema and Our Father's Footprints explores God as Sprit, Light, and Love and delves into his faithfulness, generosity, resolve, forgiveness, and creativity. This book will be useful for those interested in exploring the inviting realm of biblical theology. 606 $aGod$xBiblical teaching 608 $aElectronic books. 615 0$aGod$xBiblical teaching. 676 $a231 700 $aInch$b Morris A.$0900511 801 0$bMiAaPQ 801 1$bMiAaPQ 801 2$bMiAaPQ 906 $aBOOK 912 $a9910461113903321 996 $aEchoes of the Shema and our father's footprints$92011911 997 $aUNINA